000 00491nam a2200217Ia 4500
003 OSt
005 20220928142232.0
006 a|||||r|||| 00| 0
007 ta
008 220927b |||||||| |||| 00| 0 eng d
024 _a18933
037 _cTextual
040 _aSDCL
_cSDCL
_beng
041 _2eng
_aeng
082 _aW:5, M4
100 _aWhite Alan R
245 0 _aRights
260 _c1984
942 _hW:5, M4
_cTEXL
_2CC
999 _c821136
_d821136